000 00529nam a2200193Ia 4500
008 191130s2010##################000#0#eng##
020 _a9780444534378
040 _aACL
_cACL
082 _a577.72753 EIS
100 _aEisler, Ronald
245 _aCompendium of trace metals and marine biota
_cby Ronald Eisler
260 _aAmsterdam
_bElsevier
_c2010
300 _axxi, 500p
500 _aIncludes index
650 _aMarine biology
990 _ae34567d8ac10000c0f0c7b15b42fe926
991 _a245630
999 _c252399
_d252399